| 000 | 08668cam a22021494i 4500 | ||
|---|---|---|---|
| 003 | PE-LiUPU | ||
| 005 | 20250813165324.0 | ||
| 008 | 15008072014 mx a rb 011 0sp a d | ||
| 020 | _a6073227000 | ||
| 020 | _a9786073227001 | ||
| 035 | _a(Sirsi) i9786073227001 | ||
| 040 |
_aPE-LiUPU _bspa _dPE-LiUPU _erda |
||
| 049 | _aPRUA | ||
| 082 | 0 | 4 |
_a658.4012 _bM93 |
| 082 | 0 | 4 |
_a658.402 _bM85 2014 |
| 100 | 1 |
_aMünch Galindo, Lourdes, _eautor. |
|
| 245 | 1 | 0 |
_aAdministración : _bgestión organizacional, enfoques y proceso administrativo / _cLourdes Münch ; con la colaboración de Beatriz Eugenia Flores Hahn, Ignacio Cacho de la Riva. |
| 250 | _aSegunda edición. | ||
| 264 | 1 |
_aMéxico : _bPearson, _c2014. |
|
| 300 |
_a322 páginas : _bilustraciones ; _c27 centímetros |
||
| 336 |
_atext _2rdacontent |
||
| 337 |
_aunmediated _2rdamedia |
||
| 338 |
_avolume _2rdacarrier |
||
| 504 | _aBibliografía: página 319. | ||
| 504 | _aÍndice: páginas 321-322. | ||
| 505 | 0 | _aAdministración y gestión. Evolución -- Proceso administrativo - Planeación - Organización - Integración -- Dirección y liderazgo -- Evaluación y control -- La administración y sus escuelas -- Administración estratégica. Tendencias actuales de gestión -- La empresa -- Áreas funcionales de la empresa -- El espíritu empresarial y emprendedor -- La administración y la empresa en el entorno global -- Ética y responsabilidad social en la empresa y en la administración. | |
| 526 | _aP203 | ||
| 526 | _aP200 | ||
| 526 | _aSEG65 | ||
| 526 | _aSEG64 | ||
| 526 | _aSEG63 | ||
| 526 | _aSEG62 | ||
| 526 | _aSEG61 | ||
| 526 | _aSEG60 | ||
| 526 | _aSEG59 | ||
| 526 | _aSEG58 | ||
| 526 | _aSEG57 | ||
| 526 | _aSEG56 | ||
| 526 | _aSEG55 | ||
| 526 | _aSEG54 | ||
| 526 | _aSEG53 | ||
| 526 | _aSEG52 | ||
| 526 | _aSEG51 | ||
| 526 | _aSEG50 | ||
| 526 | _aSEG49 | ||
| 526 | _aSEG48 | ||
| 526 | _aSEG47 | ||
| 526 | _aSEG46 | ||
| 526 | _aSEG24 | ||
| 526 | _aSEG23 | ||
| 526 | _aSEG22 | ||
| 526 | _aSEG21 | ||
| 526 | _aSEG20 | ||
| 526 | _aSEG19 | ||
| 526 | _aSEG18 | ||
| 526 | _aSEG17 | ||
| 526 | _aSEG16 | ||
| 526 | _aSEG14 | ||
| 526 | _aSEG13 | ||
| 526 | _aSEG12 | ||
| 526 | _aSEG11 | ||
| 526 | _aSEG10 | ||
| 526 | _aSEG09 | ||
| 526 | _aSEG06 | ||
| 526 | _aSEG05 | ||
| 526 | _aSEG04 | ||
| 526 | _aSEG03 | ||
| 526 | _aSEG02 | ||
| 526 | _aSEG68 | ||
| 526 | _aSEG66 | ||
| 526 | _aSEG45 | ||
| 526 | _aSEG25 | ||
| 526 | _aSEG01 | ||
| 526 | _aP163 | ||
| 526 | _aP162 | ||
| 526 | _aP161 | ||
| 526 | _aP160 | ||
| 526 | _aP159 | ||
| 526 | _aP158 | ||
| 526 | _aP157 | ||
| 526 | _aP156 | ||
| 526 | _aP155 | ||
| 526 | _aP154 | ||
| 526 | _aP153 | ||
| 526 | _aP152 | ||
| 526 | _aP151 | ||
| 526 | _aP150 | ||
| 526 | _aP149 | ||
| 526 | _aP142 | ||
| 526 | _aP141 | ||
| 526 | _aP140 | ||
| 526 | _aP139 | ||
| 526 | _aP138 | ||
| 526 | _aP137 | ||
| 526 | _aP132 | ||
| 526 | _aP131 | ||
| 526 | _aP130 | ||
| 526 | _aP126 | ||
| 526 | _aP125 | ||
| 526 | _aP124 | ||
| 526 | _aP123 | ||
| 526 | _aP115 | ||
| 526 | _aP122 | ||
| 526 | _aP121 | ||
| 526 | _aP116 | ||
| 526 | _a P114 | ||
| 526 | _aP112 | ||
| 526 | _aP111 | ||
| 526 | _aP104 | ||
| 526 | _aP103 | ||
| 526 | _aP102 | ||
| 526 | _aP101 | ||
| 526 | _aP100 | ||
| 526 | _aP96 | ||
| 526 | _aP95 | ||
| 526 | _aP93 | ||
| 526 | _aP92 | ||
| 526 | _aP91 | ||
| 526 | _aP88 | ||
| 526 | _aP83 | ||
| 526 | _aP82 | ||
| 526 | _aP79 | ||
| 526 | _aP78 | ||
| 526 | _aP75 | ||
| 526 | _aP74 | ||
| 526 | _aP71 | ||
| 526 | _aP69 | ||
| 526 | _a P51 | ||
| 526 | _aP49 | ||
| 526 | _aP48 | ||
| 526 | _aP47 | ||
| 526 | _aP33 | ||
| 526 | _aP31 | ||
| 526 | _a P30 | ||
| 526 | _aP29 | ||
| 526 | _aP27 | ||
| 526 | _aP26 | ||
| 526 | _aP25 | ||
| 526 | _aP24 | ||
| 526 | _a P22 | ||
| 526 | _aP10 | ||
| 526 | _aP09 | ||
| 526 | _a P08 | ||
| 526 | _aP06 | ||
| 526 | _aP05 | ||
| 526 | _aP04 | ||
| 526 | _aP01 | ||
| 541 | _g001-0039189; | ||
| 541 | _g001-040344; | ||
| 650 | 1 | 4 |
_aAdministración _xEstudio y enseñanza. |
| 700 | 1 |
_aCacho de la Riva, Ignacio, _ecolaborador. |
|
| 700 | 1 |
_aFlores Hahn, Beatriz Eugenia, _ecolaboradora. |
|
| 910 |
_aaas _bjck _caas _d20150807 |
||
| 910 |
_btqv _crmch _d20160712 |
||
| 910 |
_adbm _bncf _cncf _d20190510 |
||
| 942 |
_2ddc _cBOOK |
||
| 949 |
_a658.4012 M93 _wDEWEY _c1 _i71689 _d2016-8-19 _e2016-8-15 _lCCODEBUL1 _mBUL _n1 _p26.99 _r0 _sY _tBOOK _u2015-8-7 _xFCE _PP04 _0COMPRA _o.STAFF. Colección Ciencias Empresariales |
||
| 949 |
_a658.4012 M93 _wDEWEY _c2 _i71690 _lCCODEBUL1 _mBUL _p26.99 _r0 _sY _tBOOK _u2015-8-7 _xFCE _PP04 _0COMPRA _o.STAFF. Colección Ciencias Empresariales |
||
| 949 |
_a658.4012 M93 _wDEWEY _c3 _i71691 _lCCODEBUL1 _mBUL _p26.99 _r0 _sY _tBOOK _u2015-8-7 _xFCE _PP04 _0COMPRA _o.STAFF. Colección Ciencias Empresariales |
||
| 949 |
_a658.4012 M93 _wDEWEY _c4 _i71692 _d2016-8-1 _e2016-7-25 _lCCODEBUL1 _mBUL _n1 _p26.99 _r0 _sY _tBOOK _u2015-8-7 _xFCE _PP04 _0COMPRA _o.STAFF. Colección Ciencias Empresariales |
||
| 949 |
_a658.4012 M93 _wDEWEY _c5 _i71693 _lCCODEBUL1 _mBUL _p26.99 _r0 _sY _tBOOK _u2015-8-7 _xFCE _PP04 _0COMPRA _o.STAFF. Colección Ciencias Empresariales |
||
| 949 |
_a658.4012 M93 _wDEWEY _c6 _i71694 _lCCODEBUL1 _mBUL _p26.99 _r0 _sY _tBOOK _u2015-8-7 _xFCE _PP04 _0COMPRA _o.STAFF. Colección Ciencias Empresariales |
||
| 949 |
_a658.4012 M93 _wDEWEY _c7 _i72273 _d2016-4-26 _e2016-4-25 _lCCODEBUL1 _mBUL _n1 _p23.13 _r0 _sY _tBOOK _u2016-1-7 _xFCE _PP04 _0COMPRA _o.STAFF. Colección Ciencias Empresariales |
||
| 949 |
_a658.4012 M93 _wDEWEY _c8 _i72274 _d2016-9-15 _e2016-9-6 _lCCODEBUL1 _mBUL _n1 _p23.13 _r0 _sY _tBOOK _u2016-1-7 _xFCE _PP04 _0COMPRA _o.STAFF. Colección Ciencias Empresariales |
||
| 949 |
_a658.4012 M93 _wDEWEY _c9 _i72275 _d2016-8-29 _e2016-8-22 _lCCODEBUL1 _mBUL _n2 _p23.13 _r0 _sY _tBOOK _u2016-1-7 _xFCE _PP04 _0COMPRA _o.STAFF. Colección Ciencias Empresariales |
||
| 949 |
_a658.402 M85 2014 _wDEWEY _c1 _iFJ00847 _lCCODEBUJ1 _mBUJ _p21.00 _r0 _sY _tBOOK _u2016-7-12 _xFCE _PP04 _0COMPRA _o.STAFF. Colección General Juliaca |
||
| 949 |
_a658.402 M85 2014 _wDEWEY _c2 _iFJ00845 _lCCODEBUJ1 _mBUJ _p21.00 _r0 _sY _tBOOK _u2016-7-12 _xFCE _PP04 _0COMPRA _o.STAFF. Colección General Juliaca |
||
| 994 |
_aC0 _bPEPRU |
||
| 596 | _a1 3 | ||
| 999 |
_a658.4012 M93 _wDEWEY _c6680 _i71689 _d6680 _e2019-8-20 _f2021-11-8 _g6 _lCCODEBUL1 _mBUL _n5 _p26.99 _r0 _sY _tBOOK _u2015-8-7 _xFCE _PP04 _0COMPRA _o.STAFF. Colección Ciencias Empresariales |
||
| 999 |
_a658.4012 M93 _wDEWEY _c2 _i71690 _e2017-3-30 _f2021-11-8 _g6 _lCCODEBUL1 _mBUL _n1 _p26.99 _r0 _sY _tBOOK _u2015-8-7 _xFCE _PP04 _0COMPRA _o.STAFF. Colección Ciencias Empresariales |
||
| 999 |
_a658.4012 M93 _wDEWEY _c3 _i71691 _e2017-5-3 _f2021-11-8 _g6 _lCCODEBUL1 _mBUL _n1 _p26.99 _r0 _sY _tBOOK _u2015-8-7 _xFCE _PP04 _0COMPRA _o.STAFF. Colección Ciencias Empresariales |
||
| 999 |
_a658.4012 M93 _wDEWEY _c4 _i71692 _d2017-10-6 _e2017-10-2 _f2021-11-8 _g6 _lCCODEBUL1 _mBUL _n12 _p26.99 _r0 _sY _tBOOK _u2015-8-7 _xFCE _PP04 _0COMPRA _o.STAFF. Colección Ciencias Empresariales |
||
| 999 |
_a658.4012 M93 _wDEWEY _c5 _i71693 _d2019-11-10 _e2017-9-29 _f2021-11-8 _g6 _lCCODEBUL1 _mBUL _n2 _p26.99 _q2 _r0 _sY _tBOOK _u2015-8-7 _xFCE _PP04 _0COMPRA _o.STAFF. Colección Ciencias Empresariales |
||
| 999 |
_a658.4012 M93 _wDEWEY _c6 _i71694 _d2018-8-26 _e2017-10-6 _f2021-11-8 _g6 _lCCODEBUL1 _mBUL _n4 _p26.99 _q1 _r0 _sY _tBOOK _u2015-8-7 _xFCE _PP04 _0COMPRA _o.STAFF. Colección Ciencias Empresariales |
||
| 999 |
_a658.4012 M93 _wDEWEY _c7 _i72273 _d2019-9-20 _e2019-8-22 _f2021-11-8 _g6 _lCCODEBUL1 _mBUL _n3 _p23.13 _q2 _r0 _sY _tBOOK _u2016-1-7 _xFCE _PP04 _0COMPRA _o.STAFF. Colección Ciencias Empresariales |
||
| 999 |
_a658.4012 M93 _wDEWEY _c8 _i72274 _d2019-1-31 _e2017-10-24 _f2021-12-28 _g7 _lCCODEBUL1 _mBUL _n2 _p23.13 _q3 _r0 _sY _tBOOK _u2016-1-7 _xFCE _PP04 _0COMPRA _o.STAFF. Colección Ciencias Empresariales |
||
| 999 |
_a658.4012 M93 _wDEWEY _c9 _i72275 _d2019-11-15 _e2019-10-14 _f2021-11-8 _g5 _lCCODEBUL1 _mBUL _n5 _p23.13 _q4 _r0 _sY _tBOOK _u2016-1-7 _xFCE _zP04 _0COMPRA _o.STAFF. Colección Ciencias Empresariales |
||
| 999 |
_a658.402 M85 2014 _wDEWEY _c1 _iFJ00847 _d2019-6-10 _e2019-6-6 _f2019-11-18 _g3 _lCCODEBUJ1 _mBUJ _n10 _p21.00 _q13 _r0 _sY _tBOOK _u2016-7-12 _xFCE _PP04 _0COMPRA _o.STAFF. Colección General Juliaca |
||
| 999 |
_a658.402 M85 2014 _wDEWEY _c2 _iFJ00845 _d2019-4-23 _e2018-10-24 _f2022-2-1 _g4 _lCCODEBUJ1 _mBUJ _n1 _p21.00 _q8 _r0 _sY _tBOOK _u2016-7-12 _xFCE _PP04 _0COMPRA _o.STAFF. Colección General Juliaca |
||
| 980 |
_81 _gALBERTO SANCHEZ Responsable de Automatización |
||